| 000 | 00477nam a22001817a 4500 | ||
|---|---|---|---|
| 003 | CEME | ||
| 005 | 20210628203204.0 | ||
| 008 | 210122b xxu||||| |||| 00| 0 eng d | ||
| 020 | _a978-0-195798012 | ||
| 040 | _c. | ||
| 082 | _a327.5491 SHA | ||
| 100 |
_aShahid M.Amin _9484 |
||
| 245 | _aPakistan's foreign policy, a reappraisal | ||
| 260 |
_aKARACHI _bOXFORD UNIVERSITY PRESS _c2007 |
||
| 300 | _aX,327 P | ||
| 650 |
_aFOREIGN POLICY-PAKISTAN _963856 |
||
| 942 |
_cBK _2ddc |
||
| 999 |
_c572556 _d572556 |
||